000
00337nam a22001457a 4500
008
210521b ||||| |||| 00| 0 eng d
020
_a
0072892013
041
_a
eng
080
_2
2nd
_a
621
082
_a
621
100
_a
26
101
_a
MEK
245
_a
Fundamentals of Graphics Communication
_c
Gary R. Bertoline
942
_2
udc
_c
BK
999
_c
57595
_d
57595